|
|
|
|
| LEADER |
01249nam a2200313 a 4500 |
| 001 |
12150249 |
| 008 |
090601s2000 enk b 001 0 eng d |
| 010 |
|
|
|a 00045277
|
| 020 |
|
|
|a 0195924517
|
| 020 |
|
|
|a 0195924525 (pbk.)
|
| 040 |
|
|
|a DLC
|c DLC
|d DLC
|
| 082 |
0 |
0 |
|a 332.7/1
|2 21
|
| 100 |
1 |
|
|a Meyer, Richard L.,
|d 1937-
|
| 245 |
1 |
0 |
|a Rural financial markets in Asia :
|b policies, paradigms, and performance /
|c by Richard L. Meyer and Geetha Nagarajan.
|
| 260 |
|
|
|a Oxford ;
|a New York :
|b Oxford University Press,
|c 2000.
|
| 300 |
|
|
|a xvi, 401 p. ;
|c 24 cm.
|
| 490 |
1 |
|
|a A study of rural Asia ;
|v v. 3
|
| 500 |
|
|
|a "Published for the Asian Development Bank"--Verso t.p.
|
| 500 |
|
|
|a Series statement on jacket.
|
| 504 |
|
|
|a Includes bibliographical references (p. [355]-380) and index.
|
| 541 |
1 |
|
|e 000007756
|
| 650 |
|
0 |
|a Rural credit
|z Asia.
|
| 650 |
|
0 |
|a Agriculture
|x Economic aspects
|z Asia.
|
| 650 |
|
0 |
|a Agricultural credit
|z Asia.
|
| 700 |
1 |
|
|a Nagarajan, Geetha.
|
| 710 |
2 |
|
|a Asian Development Bank.
|
| 852 |
4 |
|
|a Ayesha Abed Library
|j General shelf
|
| 999 |
|
|
|c 1189
|d 1189
|
| 952 |
|
|
|0 0
|1 0
|2 ddc
|4 0
|6 332_710000000000000_MEY_2000
|7 0
|9 1075
|a BRACUL
|b BRACUL
|c GEN
|d 2009-06-24
|g 1390.00
|l 0
|o 332.71 MEY
|p 3010007756
|r 2009-06-24
|t 1
|w 2009-06-24
|y BK
|